000 00983nam a22002657a 4500
005 20091028102616.0
008 091028t xxu||||| |||| 00| 0 eng d
010 _aENG-95227
020 _a9780070677340
_c395.00
035 _aEN-78760
037 _bDBAD/PUB
040 _aDPL
082 _a332.6722
100 _aSpiegel, Eric
245 _aEnergy shift :
_bgame -changing options for fueling the future /
_cby Eric Spiegel, Neil McArthur and Rob Norton
260 _aNew Delhi
_bTata McGraw Hill Education
_c2009
300 _aviii, 199p.
_c18 cm. (pbk)
650 _aInvestments
650 _aRenewable energy sources
_xEconomic aspects
650 _aEnergy industries
_xFinance
700 _aMcArthur, Neil
700 _aNorton, Rob
942 _2ddc
_cEN
_mSPI
_h332.6722
999 _c31081
_d31081